Fundamentals Of Functional Clothing/ (Record no. 199587)

MARC details
000 -LEADER
fixed length control field 00685nam a22002057a 4500
005 - DATE AND TIME OF LATEST TRANSACTION
control field 20231211113333.0
010 ## - LCCN (DPL NO)
LC control number ENG-138573
020 ## - INTERNATIONAL STANDARD BOOK NUMBER
Terms of availability 150.00
International Standard Book Number 9789393622020
035 ## - SYSTEM CONTROL NUMBER
System control number EN-122105
037 ## - SOURCE OF ACQUISITION
Source of stock number/acquisition DBAD/PUB
082 ## - DEWEY DECIMAL CLASSIFICATION NUMBER
Classification number 746.92
Edition number First
100 ## - MAIN ENTRY--PERSONAL NAME
Personal name Anisha, C.
245 ## - TITLE STATEMENT
Title Fundamentals Of Functional Clothing/
Statement of responsibility, etc By C. Anisha and S. Jayapriya
250 ## - EDITION STATEMENT
Edition statement First
260 ## - PUBLICATION, DISTRIBUTION, ETC. (IMPRINT)
Place of publication, distribution, etc Tamilnadu
Name of publisher, distributor, etc Innovation Online Training Academy (IOTA) Publishers
Date of publication, distribution, etc 2022
270 ## - ADDRESS
City Tamilnadu
Address 11C, Brindha Layout, Coimbatore-1
Telephone number 7825007500
Electronic mail address iotacbe@gmail.com
300 ## - PHYSICAL DESCRIPTION
Extent 75p.
Dimensions 25cm(pbk)
Other physical details index
700 ## - ADDED ENTRY--PERSONAL NAME
Personal name Jayapriya, S.
9 (RLIN) 59703
942 ## - ADDED ENTRY ELEMENTS (KOHA)
Source of classification or shelving scheme Dewey Decimal Classification
Item type English Books
Classification part 746.92
Call number suffix ANI
Holdings
Withdrawn status Lost status Not for loan Collection code Home library Current library Date acquired Source of acquisition Cost, normal purchase price Full call number Barcode Copy number Cost, replacement price Koha item type
      Non-fiction Vinoba Puri Vinoba Puri 11/12/2023 DBAD/PUB 150.00 746.92 ANI EN-122105 1 150.00 English Books

© Delhi Public Library
Hit Counter
free hit counter